000
00237nam a22001097a 4500
082
_a
808.3 LAW'C
100
_a
LAWRENCE, H. L
_9
79962
245
_a
THE CHILDREN OF LIGHT
260
_a
LONDON
_b
WORLD
_c
1960
300
_a
190P
942
_c
BK
999
_c
584940
_d
584940